LANGMAN'S MEDICAL EMBRYOLOGY (Record no. 193071)
[ view plain ]
| 000 -LEADER | |
|---|---|
| fixed length control field | 00539nam a2200193Ia 4500 |
| 003 - CONTROL NUMBER IDENTIFIER | |
| control field | OSt |
| 005 - DATE AND TIME OF LATEST TRANSACTION | |
| control field | 20260309103633.0 |
| 020 ## - INTERNATIONAL STANDARD BOOK NUMBER | |
| International Standard Book Number | 978-0-7817-9485-5 |
| 040 ## - CATALOGING SOURCE | |
| Transcribing agency | LC |
| 050 ## - LIBRARY OF CONGRESS CALL NUMBER | |
| Classification number | QM 601 .L 35 2006 |
| 100 ## - MAIN ENTRY--PERSONAL NAME | |
| Personal name | SADLER, T. W. |
| 245 #0 - TITLE STATEMENT | |
| Title | LANGMAN'S MEDICAL EMBRYOLOGY |
| 250 ## - EDITION STATEMENT | |
| Edition statement | 10 |
| 260 ## - PUBLICATION, DISTRIBUTION, ETC. | |
| Place of publication, distribution, etc. | PHILADELPHIA, |
| Name of publisher, distributor, etc. | LIPPINCOTT WILLIAM & WILKINS, |
| Date of publication, distribution, etc. | 2006, |
| 300 ## - PHYSICAL DESCRIPTION | |
| Extent | Xiii, 371 P, ILL |
| 500 ## - GENERAL NOTE | |
| General note | INCLUDES BIBLIOGRAPHICAL REFERENCES AND INDEX |
| 700 ## - ADDED ENTRY--PERSONAL NAME | |
| Personal name | LELAND JILL, SADDLER-REDMOND SUSAN L, TOSNEY KATHY |
| 942 ## - ADDED ENTRY ELEMENTS (KOHA) | |
| Koha item type | Long Loan Book |
| Source of classification or shelving scheme | Library of Congress Classification |
| Withdrawn status | Lost status | Source of classification or shelving scheme | Damaged status | Not for loan | Collection | Home library | Current library | Shelving location | Date acquired | Inventory number | Total checkouts | Total renewals | Full call number | Barcode | Date last seen | Date last checked out | Copy number | Price effective from | Koha item type | Date due |
|---|---|---|---|---|---|---|---|---|---|---|---|---|---|---|---|---|---|---|---|---|
| Library of Congress Classification | Medicine | Kisii University Library | Kisii University Library | On Display | 10/11/2023 | 96233 | 6 | 1 | QM 601 .L35 2006 | 043811 | 04/16/2026 | 03/13/2026 | C.10 | 10/11/2023 | Long Loan Book | |||||
| Library of Congress Classification | Medicine | Kisii University Library | Kisii University Library | On Display | 10/11/2023 | 96229 | 8 | 2 | QM 601 .L35 2006 | 043709 | 04/20/2026 | 04/20/2026 | C.6 | 10/11/2023 | Long Loan Book | 05/04/2026 | ||||
| Library of Congress Classification | Medicine | Kisii University Library | Kisii University Library | On Display | 10/11/2023 | 96225 | 11 | 2 | QM 601 .L35 2006 | 043714 | 03/19/2026 | 03/07/2026 | C.2 | 10/11/2023 | Long Loan Book | |||||
| Library of Congress Classification | Medicine | Kisii University Library | Kisii University Library | On Display | 10/11/2023 | 96226 | 6 | QM 601 .L35 2006 | 043712 | 03/17/2026 | 02/27/2026 | C.3 | 10/11/2023 | Long Loan Book | ||||||
| Library of Congress Classification | Medicine | Kisii University Library | Kisii University Library | On Display | 10/11/2023 | 96224 | 5 | QM 601 .L35 2006 | 043715 | 10/20/2025 | 10/06/2025 | C.1 | 10/11/2023 | Long Loan Book | ||||||
| Library of Congress Classification | Medicine | Kisii University Library | Kisii University Library | On Display | 10/11/2023 | 96227 | 8 | 2 | QM 601 .L35 2006 | 000000002074 | 03/07/2026 | 02/21/2026 | C.4 | 10/11/2023 | Long Loan Book | |||||
| Library of Congress Classification | Medicine | Kisii University Library | Kisii University Library | On Display | 10/11/2023 | 96232 | 11 | 2 | QM 601 .L35 2006 | 043812 | 04/06/2026 | 03/23/2026 | C.9 | 10/11/2023 | Long Loan Book | |||||
| Library of Congress Classification | Medicine | Kisii University Library | Kisii University Library | On Display | 10/11/2023 | 96230 | 8 | 1 | QM 601 .L35 2006 | 043710 | 07/23/2025 | 07/23/2025 | C.7 | 10/11/2023 | Long Loan Book | |||||
| Library of Congress Classification | Medicine | Kisii University Library | Kisii University Library | On Display | 10/11/2023 | 96231 | 4 | QM 601 .L35 2006 | 043813 | 04/04/2025 | 03/18/2025 | C.8 | 10/11/2023 | Long Loan Book | ||||||
| Library of Congress Classification | Medicine | Kisii University Library | Kisii University Library | On Display | 10/11/2023 | 96228 | 11 | 3 | QM 601 .L35 2006 | 043711 | 12/08/2025 | 11/13/2025 | C.5 | 10/11/2023 | Long Loan Book |